00994nam a2200253 i 4500001000700000003000900007005001700016007000300033008004100036040001300077080002800090100003800118245005700156260006300213300003500276490006600311630005200377710004700429830007400476852002700550942001800577999001900595952012600614103636ES-MaACL20240221063030.0t|060426s1960 sp c |||| | spa d cES-MaACL a014.3:05(464.14) Ateneo1 aSagardía, Ángel.9139049eaut10aAteneo :b(Madrid, 1906-1912) / cÁngel Sagardía aMadrid : bInstituto Miguel de Cervantes del CSIC, c1960. aXVIII, 144 páginas ; c24 cm1 aColección de índices de publicaciones periódicas ; v1807aAteneo (Madrid, 1906-1912)-vÍndices.91190672 aInstituto "Miguel de Cervantes"95133eedt0 aColección de índices de publicaciones periódicas ; v189184798 aES-MaACLjC-21240cMES cMONOGRAFIAn0 c103636d103636 00104070aATENEOMbATENEOMcGaleríad2008-01-17eSCl0oC-21240p1108205r2023-02-23 00:00:00w2023-02-23yMONOGRAFIA